000
00290nam a22001217a 4500
008
181106b xxu||||| |||| 00| 0 eng d
041
_a
eng
080
_2
5th
_a
617
100
_a
5
101
_a
KIR
245
_a
Alexander's Care of the Patient in Surgery
_c
Ballinger,W.F
942
_2
udc
_c
BK
999
_c
51945
_d
51945